Podnikateľské modely a zodpovedné podnikanie
Podnikateľský model a jeho možnosti. Inšpirácia zo zahraničia. Etapy zodpovedného podnikania.
Na minha lista:
| Autor principal: | |
|---|---|
| Formato: | Capítulo de Livro |
| Idioma: | eslovaco |
| Assuntos: | |
| Tags: |
Sem tags, seja o primeiro a adicionar uma tag!
|
MARC
| LEADER | 00000naa a2200000 4500 | ||
|---|---|---|---|
| 001 | 0197403 | ||
| 005 | 20240502073334.6 | ||
| 041 | 0 | |a slo | |
| 044 | |a SK | ||
| 245 | 1 | 0 | |a Podnikateľské modely a zodpovedné podnikanie |c Eliška Záležáková |
| 520 | |a Podnikateľský model a jeho možnosti. Inšpirácia zo zahraničia. Etapy zodpovedného podnikania. | ||
| 610 | 2 | 0 | |a modely podnikateľské |
| 610 | 2 | 0 | |a podnikanie zodpovedné |
| 610 | 2 | 0 | |a prostredie podnikateľské |
| 100 | 1 | |a Záležáková, Eliška | |